Bilik yang semak

Bibliographic Details
Main Author: Sheba Siddique
Format: Book
Published: Kuala Lumpur : Gema Insan , 2005
Series:Siri cerita motivasi
Subjects:

MARC

LEADER 00000cam a2200000 7i4500
001 0000000157
005 20151222.0
008 070629
020 |a 9835700966 
090 0 0 |a JF   |b MAL (222) 
100 0 |a Sheba Siddique 
245 1 0 |a Bilik yang semak   |c Sheba Siddique 
260 |a Kuala Lumpur :   |b Gema Insan ,   |c 2005 
440 |a Siri cerita motivasi 
500 |a Children ages 7-9 years old (orange) 
650 0 |a Malay fiction 
999 |a 0000954503   |b Book   |c Children Collection   |e Perbadanan Perpustakaan Awam Johor 
999 |a 0000954504   |b Book   |c Children Collection   |e Perbadanan Perpustakaan Awam Johor 
999 |a 0000954505   |b Book   |c Children Collection   |e Perbadanan Perpustakaan Awam Johor 
999 |a 0000954506   |b Book   |c Children Collection   |e Perbadanan Perpustakaan Awam Johor 
999 |a 0000970641   |b Book   |c Children Collection   |e Perbadanan Perpustakaan Awam Johor 
999 |a 0000970642   |b Book   |c Children Collection   |e Cawangan Taman Universiti 
999 |a 0001167501   |b Book   |c Children Collection   |e Cawangan Bukit Gambir 
999 |a 0001167502   |b Book   |c Children Collection   |e Cawangan Bandar Tenggara 
999 |a 0001167504   |b Book   |c Children Collection   |e Cawangan Taman Universiti 
999 |a 0001167505   |b Book   |c Children Collection   |e Cawangan Tangkak 
999 |a 0001167508   |b Book   |c Children Collection   |e Cawangan Bandar Penawar 
999 |a 0001167511   |b Book   |c Children Collection   |e Cawangan Segamat 
999 |a 0001167512   |b Book   |c Children Collection   |e Cawangan Pontian 
999 |a 0001167514   |b Book   |c Children Collection   |e Cawangan Tmn. Ungku Tun Aminah